000 005780000a22002170004500
003 LK-CoMWRAF
005 20230925121929.0
008 230817t ||||| |||| 00| 0 eng d
040 _aLK-CoMWRAF
_dLK-CoMWRAF
_eLK-CoMWRAF
041 _aeng
082 _a297.576
_bENG
100 _aEngineer, Asgar Ali
245 _aJustice, women and communal harmony in Islam
260 _aNew Delhi :
_bICSSR,
_c1989
300 _axi, 50 p. ; 23 cm.
650 _aIslam
650 _aIslam and justice
650 _aMuslim women
650 _aReligious tolerance--Islam
942 _cBK
999 _c159
_d159